书目信息 |
| 题名: |
神的孩子在跳舞
|
|
| 作者: | 孙畅 著 | |
| 分册: | ||
| 出版信息: | 北京 九州出版社 2014 |
|
| 页数: | 125页 | |
| 开本: | 24cm | |
| 丛书名: | ||
| 单 册: | ||
| 中图分类: | I247.7 , I267 | |
| 科图分类: | ||
| 主题词: | 短篇小说--小说集--中国--当代 , 散文集--中国--当代 | |
| 电子资源: | ||
| ISBN: | 978-7-5108-2768-6 | |
| 000 | 00688nam0 2200241 450 | |
| 001 | 2352059101 | |
| 005 | 20231109112300.51 | |
| 010 | @a978-7-5108-2768-6@dCNY32.00 | |
| 100 | @a20151327d2014 demy0chiy0110 ea | |
| 101 | 0 | @achi |
| 102 | @aCN@b110000 | |
| 105 | @aa z 000zy | |
| 200 | 1 | @a神的孩子在跳舞@Ashen de hai zi zai tiao wu@f孙畅著 |
| 210 | @a北京@c九州出版社@d2014 | |
| 215 | @a125页@c图@d24cm | |
| 300 | @a读·品·悟 青春的述说·90后校园文学精品选 | |
| 606 | 0 | @a短篇小说@x小说集@y中国@z当代 |
| 606 | 0 | @a散文集@y中国@z当代 |
| 690 | @aI247.7@v5 | |
| 690 | @aI267@v5 | |
| 701 | 0 | @a孙畅@Asun chang@4著 |
| 801 | 0 | @aCN@b山东中教@c20230926 |
| 905 | @aBZT@dI247.7@e1054 | |
| 神的孩子在跳舞/孙畅著.-北京:九州出版社,2014 |
| 125页:图;24cm |
| 读·品·悟 青春的述说·90后校园文学精品选 |
| ISBN 978-7-5108-2768-6:CNY32.00 |
| ● |
| 相关链接 |
|
|
|
正题名:神的孩子在跳舞
索取号:I247.7/1054
 
预约/预借
| 序号 | 登录号 | 条形码 | 馆藏地/架位号 | 状态 | 备注 |
| 1 | 2000963285 | 2000963285 | 第四书库/四42架A面1层4列/ [索取号:I247.7/1054] | 在馆 | |
| 2 | 2000963286 | 2000963286 | 第四书库/四42架A面1层4列/ [索取号:I247.7/1054] | 在馆 | |
| 3 | 2000963287 | 2000963287 | 第四书库/四42架A面1层4列/ [索取号:I247.7/1054] | 在馆 | |
| 4 | 2000963288 | 2000963288 | 第四书库/四42架A面1层4列/ [索取号:I247.7/1054] | 在馆 | |
| 5 | 2000963289 | 2000963289 | 第四书库/四42架A面1层4列/ [索取号:I247.7/1054] | 在馆 | |
| 6 | 2000963290 | 2000963290 | 第四书库/四42架A面1层4列/ [索取号:I247.7/1054] | 在馆 |